LEADER 01358nam a2200277 i 4500 001 000000340221 003 CaOOAMICUS 005 20200519090007.0 008 200519s1974 vc u000 u lat u 013 $a175283 040 $aSeMil$bita 100 0 $aPaulus VI,$c.$0(OLS)http://semarc/name/803 245 10$aAdhortatio apostolica : $bad episcopos, sacerdotes et christifideles totius catholici orbis : de auctis ecclesiae necessitatibus in Terra Sancta /$cPauli 6. summi Pontificis. 260 $a[Città del Vaticano] :$bTypis Polyglottis Vaticanis,$c1974. 300 $a15 p. ;$c27 cm. 541 $aFondo Card. Giovanni Colombo. 650 4$aPaolo VI - Esortazioni apostoliche.$0(OLS)http://semarc/subject/28972 850 $aSeMil 852 $aSeMil$W1$xVenegono$y1$m3GC VIII 256/17$j220985$B231342$CSeMilBibl$Z2$F231342 $8B 900 1 $aMontini, Giovanni Battista,$d<1897-1978>. 900 0 $aPaolo VI$c. 996 $6245$aAdhortatio apostolica : $bad episcopos, sacerdotes et christifideles totius catholici orbis : de auctis ecclesiae necessitatibus in Terra Sancta$9(OLS)http://semarc/title/429229 996 $6260$a[Città del Vaticano] :$bTypis Polyglottis Vaticanis$9(OLS)http://semarc/publisher/34811 LEADER 00689nam a2200181 i 4500 001 000000240803 003 CaOOAMICUS 005 20150413000000.0 008 150413s1864 it u000 u mul u 013 $a219708 040 $aSeMil$bita 245 10$aTome 2. 300 $a687 p. 773 0 $tOeuvres de Jacques Marchant.$dParis : Louis Vivès, 1858-1865.$g7$w()31743 773 0 $aMarchant, Jacques <1585-1648>$tCandélabre mystique orné de sept lampes, ou Traité des sept sacrements.$dParis : Louis Vivès, 1864.$g1$w()31744 850 $aSeMil 852 $aSeMil$W1$xVenegono$y1$m3D IV 160 FA$j191149$B191149$CSeMilBibl$Z2$F201965 $8I 996 $6245$aTome 2$9(OLS)http://semarc/title/1533